Statistics for Sports Clubs with the most members world-wide

Click here to take the quiz!

General Stats

  • This quiz has been taken 456 times
  • The average score is 7 of 21

Answer Stats

HintAnswer% Correct
143,459FC Barcelona
94%
99,781Real Madrid
94%
300,000FC Bayern München
89%
175,000Borussia Dortmund
70%
95,000Hamburger SV
47%
164,000Schalke 04
43%
125,000Eintracht Frankfurt
35%
127,3761. FC Köln
34%
138,000FC Porto
34%
267,000Benfica Lissabon
32%
80,000VFB Stuttgart
31%
106,625Sporting Lissabon
28%
97,700Borussia Mönchengladbach
25%
75,000flamengo
23%
132,432Boca Juniors
22%
145,665River Plate
21%
179,391German Alpine Club (Sector Munich)
15%
135,987Deportivo Guadalajara
3%
85,000Grêmio
3%
82,611Vasco da Gama
1%
126,000SC Internacional
0%

Score Distribution

Percentile by Number Answered

Percent of People with Each Score

Your Score History

You have not taken this quiz